| 000 | 00792nmc a2200253 a 4500 | ||
|---|---|---|---|
| 003 | AR-BaBNM | ||
| 005 | 20251128203241.0 | ||
| 008 | 056019s1986 ||||||||||||||000 | spa|| | ||
| 040 | _cAR-BaBNM | ||
| 100 | 1 | _aLegarreta, Yvonne Haydeé | |
| 245 | 1 | 0 |
_aCreación plástico-literaria en la escuela primaria _bprimer ciclo |
| 250 | _a1ª ed. | ||
| 260 |
_aBuenos Aires _bMagisterio del Río de la Plata _c1986 |
||
| 300 | 0 |
_a74 p. _bil., diagr. |
|
| 490 | 0 | _aActividades para la escuela primaria. Estética y recreación | |
| 504 | _aBibliografía: p. 73-74 | ||
| 650 | 4 | _aEDUCACION ARTISTICA | |
| 650 | 4 | _aSELECCION DE MATERIAL DIDACTICO | |
| 650 | 4 | _aTECNICAS DE ENSENANZA | |
| 653 | 0 | _aENSENANZA DE LA LITERATURA | |
| 653 | 0 | _aEDUCACION PRIMARIA | |
| 942 | _cBK | ||
| 998 | _cSILVI | ||
| 999 |
_c2572 _d2572 |
||